00379nam a22001337a 4500003000400000005001700004008004100021040002200062082001600084100001800100245006900118260004000187300001800227OSt20220908214113.0220908b |||||||| |||| 00| 0 eng d cBiblioteca Lado V a321.9bK96j aKukoc, Ivonne aJuan Pablo por Ivonne/bEl Contrarelato de la doctrina Chocobar/ aBuenos Aires, ArgentinabPROAc2017 a76p.c13x18cm